| 000 | 00877nam a2200217Ii 4500 | ||
|---|---|---|---|
| 003 | JO-AjNU | ||
| 008 | 230605s9999||||xx |||||||||||||| ||und|| | ||
| 017 | _a2013/3/1102 | ||
| 040 |
_aJO-AjNU _bara _erda _cJO-AjNU |
||
| 041 | _aara | ||
| 050 | 1 | 4 | _aJC571 2013 |
| 100 | 3 |
_aتاليف ديرانية، هانيا زهير, _eauthor _949950 |
|
| 245 | 0 | 0 | _aالأمن الإنساني في الفكر الهاشمي منذ الثورة العربية الكبرى وحتى عام 2011م |
| 250 | _aط1 | ||
| 264 | 3 | 1 | _aعمان: امانة عمان الكبرى، 2013 |
| 300 | _a392ص | ||
| 336 |
_atext _btxt _2rdacontent |
||
| 337 |
_aunmediated _bn _2rdamedia |
||
| 338 |
_avolume _bnc _2rdacarrier |
||
| 650 | 4 |
_a الثورة العربية الكبرى لغاية عام 2011م - الاردن - تاريخ - الهاشميون - الفكر الانساني _949951 |
|
| 999 |
_aA21972 _c25540 _d25540 |
||